[Event "FTX Crypto Cup Prelims 2021"]
[Site "Chess24"]
[Date "2021.05.18"]
[Round "3.3"]
[White "Mamedyarov, Shakhriyar"]
[Black "Firouzja, Alireza"]
[Result "0-1"]
[WhiteElo "2761"]
[BlackElo "2703"]
[Annotator "TA"]
[PlyCount "84"]
[EventDate "2021.05.23"]
[EventType "tourn"]
[EventCountry "NET"]
[Tiebreak "Koya+Number of black wins+Number of wins"]
[SourceTitle "playchess.com"]
[Source "ChessBase"]
[SourceQuality "1"]

{[%evp 9,84,0,0,-21,-14,-19,-14,-20,-21,-23,-16,-22,-7,-37,-26,-25,-36,-33,-24,
-48,-50,-54,-57,-62,-42,-127,-156,-175,-171,-210,-213,-222,-221,-213,-199,-213,
-209,-305,-242,-297,-299,-283,-285,-268,-247,-250,-249,-277,-262,-286,-286,
-286,-286,-287,-287,-287,-287,-319,-285,-364,-327,-365,-223,-499,-359,-348,
-372,-369,-258,-375,0,-441,-444,-407,-341,-476,-497]} 1. Nf3 d5 2. g3 g6 3. c4
dxc4 4. Na3 Nc6 5. Nxc4 Bg7 6. d3 {A09: Réti Opening: 1 Nf3 d5 2 c4.} e5 7. Bd2
Nge7 8. Bg2 {The position is equal.} a5 9. O-O Be6 10. Rc1 O-O 11. Qa4 {[#]}
Qd7 $5 $146 {[%mdl 8] An interesting novelty.} ({Predecessor:} 11... b6 12. Bc3
f6 13. a3 {1/2-1/2 (13) Grischuk,A (2746)-Feller,S (2666) Khanty-Mansiysk 2011}
) 12. Rfd1 f6 13. a3 Rfb8 {aiming for ...b5.} 14. Qb5 Nf5 15. Bc3 Qf7 {
Threatens to win with ...e4!} 16. e4 Nfe7 17. Nxa5 {Black keeps a firm grip on
the game.} (17. Ncd2 $15) 17... Na7 $17 18. Qa4 {[#]} b6 $1 {[%cal Bb7b6,Bb6b5]
[%mdl 32]} 19. Nc4 b5 {[%mdl 64] Double Attack} 20. Ncxe5 fxe5 ({Don't take} 
20... bxa4 21. Nxf7 Bxf7 22. d4 $17) 21. Qb4 Nac6 22. Qc5 {[%cal Rf3e5]} Bg4
23. Nxe5 (23. Qe3 $142) 23... Bxe5 $19 24. Bxe5 Bxd1 25. Rxd1 Nxe5 26. Qxe5 Rf8
27. f4 Rfd8 28. Rc1 Qg7 ({Inferior is} 28... Rxd3 29. Bf1 $11) 29. Qe6+ Kf8 30.
e5 c6 31. Be4 Qf7 32. Qh3 Kg8 33. Rf1 Kh8 34. g4 Qe6 35. Kh1 {f5 would now be
nice for White.} Rd4 36. Qh6 $2 {[#]} (36. f5 gxf5 37. gxf5 Qxe5 38. f6 Rxe4 {
[%mdl 64] Discovered Attack} 39. Qg2) 36... Ng8 37. Qh4 Rf8 38. Qf2 Rfd8 39.
Qh4 (39. Qg3 $142) 39... Rf8 $2 (39... Rxd3 $19 40. Bxd3 Rxd3) 40. b4 $2 {
[%mdl 8192]} (40. Qf2 $1 $11 {and White has nothing to worry.} Rdd8 41. Qg3)
40... Rd7 41. Qg3 Rdf7 42. h3 Ne7 {Weighted Error Value: White=0.51/Black=0.24}
0-1

[Event "FTX Crypto Cup Prelims 2021"]
[Site "Chess24"]
[Date "2021.05.18"]
[Round "3.6"]
[White "Vachier-Lagrave, Maxime"]
[Black "Dubov, Daniil"]
[Result "1/2-1/2"]
[WhiteElo "2860"]
[BlackElo "2770"]
[Annotator "TA"]
[PlyCount "81"]
[EventDate "2021.05.23"]
[EventType "tourn"]
[EventCountry "NET"]
[Tiebreak "Koya+Number of black wins+Number of wins"]
[SourceTitle "playchess.com"]
[Source "ChessBase"]
[SourceQuality "1"]

{[%evp 25,81,0,0,0,2,0,0,0,16,12,20,5,8,0,0,0,0,0,0,0,17,12,27,8,21,19,39,39,
43,43,43,43,43,43,43,43,46,46,46,46,46,46,46,42,46,0,46,0,17,17,45,18,46,17,18,
17,17,17]} 1. e4 c5 2. Nf3 Nc6 3. c3 d5 4. exd5 Qxd5 5. d4 cxd4 6. cxd4 e5 7.
Nc3 Bb4 8. Bd2 Bxc3 9. Bxc3 e4 10. Ne5 Nxe5 11. dxe5 Ne7 12. Qa4+ Bd7 13. Qb4
a5 14. Qd6 {B22: Sicilian: 2 c3.} Bc6 15. Be2 Qe6 16. O-O O-O 17. Rfd1 Nd5 18.
Qxe6 fxe6 {[#]} 19. Bd2 $146 ({Predecessor:} 19. Bd4 Nf4 20. Bf1 Rfd8 21. Bb6
Rd5 22. Bc7 Nd3 23. Rd2 Rc8 24. Bd6 Bb5 25. g3 {1/2-1/2 (50) Salai,L (2373)
-Matejovic,J (2248) Slovakia 2005}) 19... Rf5 20. Rac1 Rxe5 21. Rc5 a4 22. Re1
Rf8 23. Bg4 h5 24. Bh3 e3 25. fxe3 g5 26. g3 {Threatens to win with e4.} Nf4 $1
{[%cal Rf4h3] [#]} 27. Bxe6+ Rxe6 {[%cal Rf4h3]} 28. exf4 Rxe1+ 29. Bxe1 gxf4
30. Rxh5 fxg3 31. hxg3 $14 {[%mdl 4096] Endgame KRB-KRB} Rf3 32. a3 Kf7 33. Rc5
Kg6 34. Rc2 Be4 35. Rc5 Bc6 36. Bf2 Rb3 37. Rc2 Rd3 {[#] Hoping for ...Rd1+.}
38. Kf1 Kf5 39. Be1 Ke4 40. Rc3 Rxc3 41. Bxc3 {Weighted Error Value: White=0.
07/Black=0.05} 1/2-1/2

[Event "FTX Crypto Cup Prelims 2021"]
[Site "Chess24"]
[Date "2021.05.18"]
[Round "3.7"]
[White "Pichot, Alan"]
[Black "Grischuk, Alexander"]
[Result "0-1"]
[WhiteElo "2533"]
[BlackElo "2784"]
[Annotator "TA"]
[PlyCount "152"]
[EventDate "2021.05.23"]
[EventType "tourn"]
[EventCountry "NET"]
[Tiebreak "Koya+Number of black wins+Number of wins"]
[SourceTitle "playchess.com"]
[Source "ChessBase"]
[SourceQuality "1"]

{[%evp 15,152,25,31,20,26,-47,-39,-78,-77,-64,-65,-81,-79,-88,-77,-127,-91,
-100,-86,-80,-83,-102,-104,-231,-248,-229,-120,-181,-100,-94,-101,-116,-89,
-112,-108,-104,-95,-162,-163,-166,-183,-168,-168,-242,-151,-295,-278,-343,-302,
-301,-295,-299,-239,-267,-226,-258,-236,-317,-318,-338,-339,-355,-341,-357,
-355,-372,-363,-347,0,-352,-319,-362,-323,-346,-314,-283,0,-316,-375,-429,-420,
-417,-321,-363,0,-392,-321,-375,-375,-358,-360,-407,-341,-400,-315,-424,-418,
-456,-431,-447,-370,-339,-320,-460,-398,-429,-420,-662,-636,-613,-544,-739,
-739,-718,-540,-556,-481,-808,-1294,-1036,-1018,-604,0,-558,-17,-648,-623,-579,
-516,-5797,-5844,-1642,-2109,-29977,-29978,-29978,-29978,-29975,-7422]} 1. e4
e6 2. d4 d5 3. Nc3 Nf6 4. e5 Nfd7 5. Nce2 c5 6. c3 Nc6 7. Nf3 cxd4 8. cxd4 f6
9. exf6 {C11: French: Classical System: 4 e5 and 4 Bg5 dxe4.} Nxf6 10. Ng3 (10.
Nc3 $11) 10... Qb6 $15 11. Bd3 {Black is slightly better.} Bb4+ {[#]} ({
Weaker is} 11... Nxd4 12. Nxd4 Bb4+ 13. Kf1 $16) 12. Bd2 $146 ({Predecessor:} 
12. Ke2 O-O 13. a3 Bd6 14. Kf1 e5 15. dxe5 Bxe5 16. Qc2 Nd4 17. Nxd4 Bxd4 18.
f3 Bd7 {0-1 (31) Ferreira,C (1800)-Hamel,O (2050) Saint Quentin 2002}) 12...
Nxd4 13. Nxd4 Qxd4 {[%mdl 64] Double Attack} 14. O-O O-O $1 15. Ne2 Qb6 16. Be3
Bc5 17. Bxc5 Qxc5 18. Qc1 Qd6 19. f4 (19. f3 $17) 19... Qb6+ $19 20. Kh1 {[#]}
Bd7 ({Better is} 20... Ng4 $1 $19 21. Qe1 e5) 21. Qc3 {[#]} (21. h3 $17 {
might work better.}) 21... Bb5 (21... Ng4 $1 $19 {White must now prevent ...
Nf2+.} 22. h3 Nf2+ 23. Kh2 Rac8) 22. Bxb5 $17 Qxb5 23. Qe5 Rae8 {Threatens to
win with ...Ng4.} 24. Ng3 Ng4 25. Qd4 Qc4 26. Qxa7 (26. Qxc4 $17 {was
necessary.} dxc4 27. Rae1) 26... Rxf4 $19 27. Rxf4 Qxf4 28. Rf1 Qb4 29. a3 (29.
h3 $142 Nf6 30. Qf2) 29... Qb5 30. Rf4 {[#]} (30. Qd4 $17 Nf6 31. Re1) 30...
Rc8 $1 {...Rc1+ is the strong threat.} 31. Rf1 (31. Kg1 Qxb2) 31... Qxb2 32. h3
Nf6 33. Qe3 Re8 34. Qg5 Qd4 35. Kh2 Rf8 36. Rf3 h6 37. Qc1 Qe5 38. Kh1 Qd6 39.
Qb1 b6 {[%cal Bb7b6,Bb6b5][%mdl 32]} 40. Qg6 Qe5 41. Qb1 Qd6 42. Qg6 $1 b5 43.
Qb1 Qd7 44. Qg6 Qe7 45. Qb1 Qd7 46. Qg6 $1 d4 47. Ne2 e5 {And now ...e4 would
win.} 48. Ng3 Qf7 49. Qb1 Qd7 50. Qg6 Kh8 51. Ne4 Qe7 52. Ng3 Qf7 53. Qb1 Qe8
54. Qb4 Nh7 55. Rxf8+ Nxf8 56. Qd6 Ng6 57. Kh2 Kh7 58. Qd5 Qf8 59. Qe4 (59.
Qxb5 $142 Qxa3 60. Qb7) 59... Qf4 60. Qd3 h5 {aiming for ...h4.} 61. Kh1 (61.
Kg1 $142 Qg5 62. Nf1) 61... h4 62. Ne4 Qf5 63. Qe2 Nf4 64. Qf3 d3 65. Kh2 Kh6
66. Kh1 (66. Nd2 $142) 66... Qh5 67. Qf2 Kh7 68. Kh2 Kh6 69. Kh1 $1 g5 $2 (
69... Kg6 $19 70. Nc3 Qg5) 70. Qb6+ $2 {[%mdl 8192]} (70. Qc5 $11 Ng6 71. Nf2)
70... Qg6 71. Qb7 g4 72. Nf2 (72. Qa8 $142 Kg7 73. Qa7+ Qf7 74. Qc5) 72... gxh3
73. gxh3 d2 {( -> ...e4!)} 74. Qf3 Qg3 {Black mates.} 75. Qc6+ Kh5 76. Qe8+ Ng6
{Weighted Error Value: White=0.30/Black=0.40} 0-1

[Event "FTX Crypto Cup Prelims 2021"]
[Site "Chess24"]
[Date "2021.05.18"]
[Round "3.8"]
[White "Giri, Anish"]
[Black "Ding, Liren"]
[Result "1-0"]
[WhiteElo "2731"]
[BlackElo "2836"]
[Annotator "TA"]
[PlyCount "71"]
[EventDate "2021.05.23"]
[EventType "tourn"]
[EventCountry "NET"]
[Tiebreak "Koya+Number of black wins+Number of wins"]
[SourceTitle "playchess.com"]
[Source "ChessBase"]
[SourceQuality "1"]

{[%evp 19,71,0,0,0,1,2,19,0,0,-6,0,0,0,0,0,0,-3,-4,0,0,0,-6,29,21,33,27,32,33,
38,31,28,0,0,-7,0,-5,-3,-2,0,-79,-64,-59,456,442,425,427,448,453,533,503,533,
532,581,566]} 1. c4 e5 2. g3 Nf6 3. Bg2 d5 4. cxd5 Nxd5 5. Nf3 Nc6 6. O-O Nb6
7. Nc3 Be7 8. d3 O-O 9. Be3 Re8 10. Rc1 Bf8 11. Bg5 {A29: English Opening:
Four Knights Variation with 4 g3.} Qd7 12. Ne4 h6 {[#]} 13. Bd2 $146 {The
position is equal.} ({Predecessor:} 13. Bxh6 f5 14. Bh3 Qf7 15. Neg5 Qxa2 16.
Ra1 Qd5 17. e4 fxe4 18. Bxc8 exf3 19. Bxb7 {0-1 (27) Chennaoui,Y (2121)
-Dvirnyy,D (2485) Bassano del Grappa 2021}) 13... a5 14. Nc5 Bxc5 15. Rxc5 Qd6
16. Rc1 Be6 17. a3 a4 18. Be3 Bb3 19. Qe1 Bd5 20. Bc5 Qe6 21. e4 {Hoping for
Bxb6.} Bb3 22. Qc3 Nd7 23. Be3 Nf6 24. Nd2 Ba2 25. f4 $36 {[%mdl 2048] White
has good play.} Rad8 26. Nf3 exf4 27. Bxf4 Rd7 28. Rfe1 Bb3 29. Nd2 (29. d4 $11
Nxe4 {[#]} 30. Rxe4 $1 Qxe4 31. Re1 Qxe1+ 32. Nxe1 Nxd4 33. Kf2) 29... Red8 30.
Nxb3 Rxd3 $2 {[%mdl 8192] A mistake that costs the game.} (30... axb3 $15 {
keeps the upper hand.} 31. Qc5 Rxd3) 31. Qxd3 $18 {White is clearly winning.}
Rxd3 32. Nc5 {[%mdl 64] [#] Double Attack} Qe7 33. Nxd3 g5 34. Be3 Ng4 35. Bc5
Qe6 36. e5 {Weighted Error Value: White=0.09/Black=0.38} 1-0

[Event "FTX Crypto Cup Prelims 2021"]
[Site "Chess24"]
[Date "2021.05.18"]
[Round "4.1"]
[White "Aronian, Levon"]
[Black "Ding, Liren"]
[Result "1/2-1/2"]
[WhiteElo "2778"]
[BlackElo "2836"]
[Annotator "TA"]
[PlyCount "130"]
[EventDate "2021.05.23"]
[EventType "tourn"]
[EventCountry "NET"]
[Tiebreak "Koya+Number of black wins+Number of wins"]
[SourceTitle "playchess.com"]
[Source "ChessBase"]
[SourceQuality "1"]

{[%evp 11,130,22,55,44,47,33,37,25,30,26,26,35,32,14,21,17,33,14,47,8,42,12,25,
20,27,18,17,25,22,-11,-9,-78,-81,-79,-79,-87,-81,-89,-88,-79,-88,-88,-87,-86,
-72,-91,-81,-84,-93,-98,-77,-58,-60,-54,-17,-16,-21,-21,-21,-81,-74,-85,-79,
-62,-8,-8,-8,-9,-8,-8,-8,-8,-8,-93,-8,-8,0,0,0,0,0,0,0,0,0,0,0,-8,-8,-8,-8,-8,
-8,-8,-8,-8,-8,-8,0,0,0,0,0,0,0,0,0,0,0,0,0,0,0,0,0,0,0,0,0,0,0]} 1. d4 Nf6 2.
Nf3 d5 3. Bf4 c5 4. e3 e6 5. c3 Qb6 6. Qb3 c4 7. Qc2 {D02: 1 d4 d5 2 Nf3
sidelines, including 2...Nf6 3 g3 and 2...Nf6 3 Bf4.} Bd6 8. Bxd6 Qxd6 9. b3 {
[#] White is slightly better.} cxb3 $146 ({Predecessor:} 9... b5 10. bxc4 bxc4
11. Be2 Nc6 12. Nbd2 e5 13. dxe5 Nxe5 14. Nxe5 Qxe5 15. Nf3 Qd6 {1/2-1/2 (41)
Figueroa Pahissa,T (1603)-Quesada Ventura,G (1700) Tenerife 2017}) 10. axb3 O-O
11. Nbd2 Nc6 12. Bd3 Bd7 13. O-O Rfc8 {next ...Nb4! is good for Black.} 14. Qb2
a5 15. Rfc1 b6 16. Bf1 h6 17. c4 Nb4 18. Ne5 Ra7 19. Qa3 Qf8 20. cxd5 exd5 21.
Nd3 (21. Nxd7 $11 Rxd7 22. Qb2) 21... Nc2 $1 $17 {[%cal Rc2a3]} 22. Qxf8+ Kxf8
23. Rab1 Rac7 24. Ne5 Nb4 25. Nxd7+ Nxd7 26. Rxc7 Rxc7 27. Rb2 Rc1 28. f3 f5
29. Kf2 Ke7 30. Nb1 Nf6 31. Na3 Ne8 32. Rb1 Rc3 33. Ke2 Nd6 34. Kd2 Rc8 35. Rc1
(35. g3 $11 {remains equal.}) 35... Rxc1 36. Kxc1 {[%mdl 4096] Endgame [#]
KBN-KNN} f4 $1 37. exf4 Nc6 (37... Nf5 $1 $15) 38. Nc2 $11 Nf5 39. Kd2 Ncxd4
40. Nxd4 Nxd4 {KB-KN} 41. Kc3 Nc6 (41... Ne6 {feels hotter.} 42. f5 Nc5 43. g4
Kf6 44. f4 Ne4+) 42. g4 {[#]} (42. h4 $11) 42... Kd6 ({Black should try} 42...
g5 $1 $17 43. f5 Kd6) 43. h4 {The position is equal.} Kc5 44. f5 d4+ 45. Kd2
Kb4 46. g5 hxg5 ({Don't play} 46... Kxb3 $6 47. f6 $16) 47. hxg5 Kxb3 {aiming
for ...a4.} 48. Bb5 Ne7 49. f6 gxf6 50. gxf6 Ng6 {White should prevent ...a4.}
51. Kd3 a4 {And now ...a3 would win.} 52. Kxd4 a3 {Strongly threatening ...Kb2.
} 53. Bc4+ Kb2 {Hoping for ...b5!} 54. Bd5 Nf8 55. f7 a2 56. Bxa2 Kxa2 {KN-KPP}
57. Kc4 Kb2 (57... Ka3 $5 58. Kb5 $8 Kb3 $11) 58. Kb5 Kc3 59. Kxb6 Kd4 60. Kc7
Ke5 61. Kd8 Kf6 62. Ke8 Nh7 63. f4 Kf5 64. f8=Q+ Nxf8 65. Kxf8 Kxf4 {Weighted
Error Value: White=0.11/Black=0.08} 1/2-1/2

[Event "FTX Crypto Cup Prelims 2021"]
[Site "Chess24"]
[Date "2021.05.18"]
[Round "4.2"]
[White "Grischuk, Alexander"]
[Black "Giri, Anish"]
[Result "0-1"]
[WhiteElo "2784"]
[BlackElo "2731"]
[Annotator "TA"]
[PlyCount "118"]
[EventDate "2021.05.23"]
[EventType "tourn"]
[EventCountry "NET"]
[Tiebreak "Koya+Number of black wins+Number of wins"]
[SourceTitle "playchess.com"]
[Source "ChessBase"]
[SourceQuality "1"]

{[%evp 21,118,0,0,-18,0,0,0,0,27,0,0,-18,-12,-6,0,0,0,-37,-30,-81,-74,-70,0,
-112,-105,-113,-112,-108,-87,-110,-104,-111,-112,-115,-104,-112,-104,-116,-116,
-114,-112,-115,-107,-102,-87,-114,-116,-139,-131,-139,-137,-142,-132,-156,-153,
-205,-207,-194,-186,-184,-183,-311,-308,-304,-291,-280,-289,-336,-350,-414,
-414,-685,-664,-670,-674,-1015,-1015,-770,-697,-5414,-5414,-5414,-5169,-5323,
-5331,-5406,-4582,-5057,-5398,-4722,-4314,-4132,-2074,-5406,-5139,-5027,-5035,
-1385,-891]} 1. d4 Nf6 2. c4 g6 3. Nc3 d5 4. cxd5 Nxd5 5. e4 Nxc3 6. bxc3 Bg7
7. Nf3 c5 8. Rb1 O-O 9. Be2 cxd4 10. cxd4 Qa5+ 11. Bd2 Qxa2 {[#]} 12. h3 $146 {
D85: Exchange Grünfeld: Unusual White 7th moves and lines with 7 Nf3.} ({
Predecessor:} 12. O-O Bg4 13. Rxb7 Bxf3 14. Bxf3 Bxd4 15. e5 Na6 16. Rxe7 Rad8
17. e6 fxe6 18. Qe1 Nc5 19. Be3 Nd3 20. Bxd4 Nxe1 21. Rg7+ Kh8 22. Rd7+ Kg8 23.
Rg7+ Kh8 24. Rd7+ Kg8 25. Rg7+ {1/2-1/2 (25) So,W (2770)-Nepomniachtchi,I 
(2784) chess24.com INT 2020}) 12... Qe6 13. Bd3 a5 14. O-O {The position is
equal.} a4 15. Qe2 a3 16. Bc4 Qd7 17. Bc3 Nc6 {[%cal Rg7d4]} 18. Rfd1 e6 19.
Qa2 Rd8 20. Bb5 (20. Qa1 $11 {remains equal.}) 20... Qc7 $17 21. Rb3 Bd7 (21...
Bf8 $15) 22. d5 {[#]} (22. Be2 $1 $11) 22... Bxc3 $1 23. Rxc3 ({Wrong is} 23.
dxc6 $2 Bxc6 24. Rc1 (24. Rxd8+ $2 Rxd8 25. Be2 Bb2 $19) 24... Bxb5 $19) 23...
exd5 24. exd5 {[#]} Qd6 {White must now prevent ...Nb4.} 25. Qa1 {[#]} a2 $1
26. dxc6 Qxd1+ {[%mdl 64] Remove Defender} 27. Qxd1 {[#]} a1=Q $1 28. Rc1 Bxc6
{[%mdl 64] Discovered Attack} 29. Rxa1 Rxd1+ 30. Rxd1 {Bxc6 is the strong
threat.} Bxb5 {[%mdl 4096] Endgame KRB-KRN} 31. Rb1 Bc6 32. Nd4 Bd5 33. Rb5 Rd8
{And now ...Bc4 would win.} 34. Rb4 Kf8 35. f3 Ke7 36. Rb6 Rd6 37. Rb2 Ra6 38.
Rd2 (38. Nb5 $17) 38... Ra2 39. Rd1 Rb2 40. Nf5+ Ke6 41. Ng7+ (41. Ne3 $142 Ba2
42. Rd8) 41... Ke5 $19 42. Ne8 {Black should prevent f4+!} Be6 43. Re1+ Kd4 44.
Nf6 h5 45. h4 b5 46. g4 (46. Re4+ $142 Kc5 47. Rf4) 46... b4 {Black is clearly
winning.} 47. gxh5 gxh5 48. Nxh5 b3 49. Ng3 Ra2 {Hoping for ...b2.} 50. h5 b2
51. h6 Ra1 52. h7 Rxe1+ 53. Kf2 b1=Q {( -> ...Qc2+)} 54. h8=Q+ {[#]} Kc4 $1 55.
Qh4+ Kb3 56. Qd4 Rc1 57. Ne2 Rc4 58. Qb6+ Kc2 59. Qa7 Qb2 {Weighted Error
Value: White=0.46/Black=0.08} 0-1

[Event "FTX Crypto Cup Prelims 2021"]
[Site "Chess24"]
[Date "2021.05.18"]
[Round "4.3"]
[White "Dubov, Daniil"]
[Black "Pichot, Alan"]
[Result "1-0"]
[WhiteElo "2770"]
[BlackElo "2533"]
[Annotator "TA"]
[PlyCount "167"]
[EventDate "2021.05.23"]
[EventType "tourn"]
[EventCountry "NET"]
[Tiebreak "Koya+Number of black wins+Number of wins"]
[SourceTitle "playchess.com"]
[Source "ChessBase"]
[SourceQuality "1"]

{[%evp 11,167,0,15,0,8,2,34,25,15,26,34,20,19,16,10,14,18,19,17,9,15,0,0,0,0,0,
0,0,0,-18,-11,-33,-7,-7,-4,-7,-3,-8,0,0,0,0,0,0,0,0,4,0,13,0,7,0,0,0,0,0,0,0,0,
0,28,34,22,27,33,21,18,11,9,0,0,0,0,0,0,0,0,0,0,0,0,0,0,0,0,0,0,0,0,0,0,0,0,0,
0,0,0,0,0,0,0,0,0,0,0,0,0,0,0,0,0,0,8,8,8,8,29,30,30,30,207,217,269,253,441,
441,813,769,536,489,468,427,402,387,1364,1372,29945,29950,6935,6709,29952,
29956,29953,29937,29952,29956,29942,29955,29949,11867,29949,12456,10984,961,
6543,4631,4631,4618]} 1. c4 Nf6 2. Nc3 e6 3. e4 c5 4. e5 Ng8 5. d4 cxd4 6. Qxd4
Nc6 7. Qf4 {A19: English Opening: Flohr-Mikenas System with 3...c5.} d6 8. Nf3
Nh6 9. Bd2 {White is slightly better.} dxe5 10. Nxe5 Bd6 11. Nxc6 Bxf4 {
[%csl Gf4][%cal Rd8d2] [#]} 12. Nxd8 Bxd2+ 13. Kxd2 Kxd8 {[#]} 14. Bd3 $146 ({
Predecessor:} 14. f3 Ke7 15. Bd3 Rd8 16. Kc2 Bd7 17. Rhe1 Rac8 18. b3 g6 19.
Re3 Nf5 20. Bxf5 gxf5 {1/2-1/2 (50) Roblette,Y (1996)-Lorenz,B ICCF email 2017}
) 14... Ke7 15. Rhe1 Rd8 16. Kc2 Ng4 17. f3 Nf6 18. b4 b6 19. Rad1 Bb7 20. Bf1
g5 21. h3 h6 22. Rxd8 Rxd8 23. Nb5 a6 24. Nc3 Rd4 25. Na4 Nd7 26. Kc3 Rf4 27.
Nb2 h5 28. Nd3 Rf5 29. Be2 Kd6 30. Rd1 {aiming for Nc5+.} Kc7 31. Kd4 Rf6 32.
Ke3 h4 33. Rc1 Rf5 34. a3 Ne5 35. Nf2 Nd7 36. Bd3 Rf4 37. Be4 Bxe4 38. Nxe4 $11
{[%mdl 4096] Endgame KRN-KRN} Rf5 39. Kd4 (39. Rd1 {is more complex.} Ne5 40.
Rd4 Nc6 41. Rd2 Ne5 42. Kd4) 39... Nf6 40. Nxf6 Rxf6 {KR-KR} 41. Re1 Kd6 $1 42.
Kc3 Rf5 43. Rd1+ Kc7 44. Kd4 Rf4+ 45. Kd3 Rf5 46. Ke3 Re5+ 47. Kf2 Rf5 48. Rd4
a5 49. Ke3 Re5+ 50. Kd2 Rf5 51. Ke3 Re5+ 52. Kd2 Rf5 53. Kd3 Re5 54. f4 Rf5 55.
fxg5 Rxg5 56. Rg4 Rh5 57. Rf4 Rh7 58. Rg4 Kd6 59. Rg5 axb4 60. axb4 f6 61. Rg8
Ra7 62. Rb8 Kc7 63. Rf8 {And now Rf7+ would win.} Ra2 (63... Ra3+ {is
interesting.} 64. Kd4 f5 65. Ke5 Re3+ 66. Kf6 Kd7) 64. Rxf6 Rxg2 65. Rxe6 Rg3+
$2 {[#] Loses the game.} (65... b5 $11 {and Black is okay.}) 66. Re3 $1 $18 {
[%cal Re3g3] Black must now prevent Rxg3.} Rg1 67. Kd4 Rd1+ $2 (67... Rh1 68.
Ke5 Kc6) 68. Ke5 Rh1 (68... Kc6 $142 69. Kf5 b5) 69. b5 Kd7 70. Rd3+ Ke7 71.
Kf5 Rh2 72. Re3+ Kd6 $2 (72... Kf7 73. Kg5 Rg2+ 74. Kxh4 Rg8) 73. Kg4 Rg2+ 74.
Kxh4 Kc5 75. Re4 Rg1 76. Kh5 Rg2 77. h4 Rg8 78. Kh6 Rg1 79. h5 Rg2 80. Kh7 Rg3
81. h6 Rg2 {White is clearly winning.} 82. Kh8 Rg6 83. h7 Rg5 84. Re6 {
Weighted Error Value: White=0.02/Black=0.02} 1-0

[Event "FTX Crypto Cup Prelims 2021"]
[Site "Chess24"]
[Date "2021.05.18"]
[Round "4.4"]
[White "Carlsen, Magnus"]
[Black "Vachier-Lagrave, Maxime"]
[Result "0-1"]
[WhiteElo "2881"]
[BlackElo "2860"]
[Annotator "TA"]
[PlyCount "106"]
[EventDate "2021.05.23"]
[EventType "tourn"]
[EventCountry "NET"]
[Tiebreak "Koya+Number of black wins+Number of wins"]
[SourceTitle "playchess.com"]
[Source "ChessBase"]
[SourceQuality "1"]

{[%evp 18,106,10,18,46,18,12,12,12,12,7,18,12,8,22,-16,-21,-23,0,0,0,-50,-23,
-37,-37,-25,-39,-54,-74,-75,-81,-99,-108,-123,-122,-125,-118,-140,-134,-138,
-110,-168,-131,-115,-94,-126,-125,-192,-187,-194,-173,-181,-189,-252,-247,-245,
-238,-239,-229,-346,-339,-354,-355,-311,-260,-293,-276,-291,0,-273,-273,-267,
-260,-348,-336,-527,-525,-654,-633,-29981,-29982,-29982,-29983,-29983,-29984,
-29984,-5069,-29985,-29986,-29986,-29987]} 1. e4 c5 2. Nc3 d6 3. f3 Nc6 4. Bb5
g6 5. Nge2 Bg7 6. d4 cxd4 7. Nxd4 Bd7 8. Be3 Nf6 9. Qd2 O-O 10. O-O-O Rc8 {
B76: Sicilian Dragon: Yugoslav Attack, 9 g4 and 9 0-0-0.} 11. Be2 a6 12. Kb1 b5
{[%cal Bb7b5,Bb5b4][%mdl 32] The position is equal.} 13. g4 Nxd4 14. Bxd4 e5
15. Be3 {Hoping for g5.} b4 16. Nd5 Nxd5 17. exd5 {[#]} e4 $146 ({Predecessor:
} 17... Qa5 18. h4 Rc7 19. h5 Rfc8 20. Bd3 Qxd5 21. hxg6 hxg6 22. Bxg6 Qxd2 23.
Bh7+ Kf8 24. Rxd2 {1-0 (57) Pallas,S (2199)-Reindl,A (2013) Willingen 2017})
18. fxe4 ({Don't go for} 18. Qxb4 $2 exf3 19. Bxa6 Rb8 $19) 18... Re8 19. Bd4
Rxe4 20. Bxg7 Kxg7 21. h3 a5 22. Rhf1 Qe7 23. Bd3 Re5 24. Qf2 Rxd5 25. Rde1 Re5
26. Qd4 Rcc5 27. Re4 Be6 28. b3 Kg8 29. Rfe1 (29. Ref4 $17) 29... Rxe4 30. Rxe4
Qc7 31. h4 Re5 32. g5 (32. h5 $17) 32... Rxe4 $1 $19 33. Qxe4 Qc5 $1 34. Qa8+ {
[#]} Kg7 $1 35. Qf3 (35. Qd8 $142) 35... Qg1+ 36. Kb2 Qd4+ 37. Kb1 h5 38. Qf1 (
38. gxh6+ {only move.} Kxh6 39. Qg3) 38... Bd5 (38... Qxh4 39. Qf6+ Kh7 40.
Bxg6+ fxg6 41. Qe7+ Kh8 42. Qf6+ Kh7 43. Qe7+ Kh8 44. Qf6+ Kh7 $11) 39. Qe1 Kf8
40. Qg3 Ke7 41. Qe1+ Be6 42. Qh1 Bd5 43. Qe1+ Qe5 44. Qf2 {[#]} Be6 $1 {
[%cal Re6f5]} 45. Qf1 Bf5 46. Bxf5 (46. Ba6 $142) 46... gxf5 {[%mdl 4096]
Endgame KQ-KQ} ({Weaker is} 46... Qxf5 47. Qe2+ Qe6 48. Qf2 $17) 47. Qd1 f4 48.
Qxh5 Qe1+ 49. Kb2 Qc3+ 50. Kb1 f3 51. g6 Qe1+ 52. Kb2 f2 53. Qg5+ f6 {Weighted
Error Value: White=0.42/Black=0.11} 0-1